000 00376nam a22001697a 4500
003 OSt
008 250424b |||||||| |||| 00| 0 eng d
020 _a9789361097355
082 _a615 BHP
100 _aBhise, S.B
245 _aPharmacology-II
260 _aDelhi
_bNiral
_c2024
300 _a5.34
650 _aPharmacology-II
700 _aBhise, M.S
942 _2ddc
_cBK
999 _c13423
_d13423